| 000 | 01321cab a22002415a 4500 | ||
|---|---|---|---|
| 001 | L142899 | ||
| 008 | 080318e20080315xxk f 000 0 eng d | ||
| 035 | _a(Sirsi) u142899 | ||
| 041 | 0 | _aeng | |
| 100 | 1 | _aSeitler, Jonathan | |
| 245 | 0 | 0 | _aInnocence is no defence |
| 260 | _c2008 | ||
| 490 |
_aEstates Gazette _v(0810) 15 March 2008, 162-163(2) |
||
| 520 | _aReview the aspects of a financial transaction which can be taken to constitute a bribe. Warns that undue payments can be unwittingly made or received. The two main factors are the secrecy of a payment and the effect that payment has on a transaction. The secrecy aspect presents dangers to the payer if he leaves it to the agent to inform others of the payment. To establish the effect of a payment, the creation of a conflict of interest is sufficient. Presents are not normally classed as bribes unless they alter a person's social or financial status. Case law. | ||
| 590 | _aKA | ||
| 650 | 2 | 4 | _aANANGEL ATLAS COMPANIA NAVIERA SA V ISHIKAWAJIMA-HARIMA HEAVY INDUSTRIES CO |
| 650 | 2 | 4 | _aLOGICROSSE AMALGAMATES INDUSTRIALS V JOHNSON |
| 650 | 2 | 4 | _aROSS RIVER LTD AND ANOTHER V CAMBRIDGE CITY FC |
| 650 | 2 | 4 | _aJAFARI-FINI V SKILLGLASS LTD |
| 651 | 4 |
_aUnited Kingdom _y |
|
| 690 | _aMANAGEMENT-BUSINESS MANAGEMENT-FINANCIAL MANAGEMENT | ||
| 942 | _n0 | ||
| 999 |
_c79967 _d79967 |
||